Click the -ATION Quiz Stats

 Plays Quiz Updated May 4, 2013

Also try: Threesome-onyms
Challenge
Share
Tweet
Embed
Score 0/30 Timer 05:00
3 Plays Today
% Correct
Transportation
93.5%
Hibernation
92.8%
Evaporation
92.5%
Communication
92.4%
Procrastination
91.7%
Location
91%
Declaration
90.4%
Retaliation
90%
Illustration
89.5%
Urbanization
88.6%
Celebration
88.3%
Irrigation
88.2%
Carnation
86.7%
Concentration
86.7%
Generation
86.5%
% Correct
Vegetation
86.5%
Germination
85.7%
Nation
84.8%
Calculation
84.8%
Proclamation
84.7%
Station
83.8%
Acculturation
82.9%
Quotation
82.7%
Confirmation
82.5%
Formation
81.9%
Duration
81.7%
Equation
79.6%
Abbreviation
75.2%
Alliteration
73.8%
Aggravation
58.5%

You're not logged in!

Compare scores with friends on all Sporcle quizzes.
Join for Free
OR
Log In

You Might Also Like...

Show Comments

Extras

Top Quizzes Today


Score Distribution

Your Account Isn't Verified!

In order to create a playlist on Sporcle, you need to verify the email address you used during registration. Go to your Sporcle Settings to finish the process.

Report this User

Report this user for behavior that violates our Community Guidelines.

Details: